000 00717cam a2200241 4500
001 M95433
008 090401t1997 xxu||||| |||| 00| 0 eng d
035 _a(Sirsi) u90092
041 _aeng
050 _a368.5
_c18
110 _aRoyal Institution of Chartered Surveyors
_94900
245 _aCompulsory professional indemnity insurance regulations.
250 _aRev. ed.
260 _aLondon
_bRICS
_c1997
300 _a1 folded sheet
_c30cm.
350 _a0
490 _aRICS Standards and Practice Guidelines
650 _aRICS PROFESSIONAL INDEMNITY INSURANCE RULES
650 _aInsurance
_96249
690 _aMANAGEMENT-BUSINESS MANAGEMENT-PROFESSIONAL PRACTICE
942 _n0
948 _c02/12/1998
999 _c97529
_d97529